00325nam a2200097Ia 4500008004100000245008000041260006100121300000800182650001700190650002000207220216s9999 xx 000 0 und d 0aObjections to the use of paranitrophenol in the preparation of crepe rubber bJournal of the Rubber Research Institute of Malayac1934 a315 aCrepe rubber aParanitrophenol